000 005130000a22001810004500
005 20240503150956.0
008 230817t ||||| |||| 00| 0 eng d
082 _a362.77
_bRED
110 _aRedd Barna Sri Lanka
245 _aWhat's inside?:
_blearning with children in the streets
260 _a[Colombo]:
_bRedd Barna Sri Lanka
_c1989
300 _a132 p.
440 _aOur output
_vno. 5
650 _aSTREET CHILDREN-Sri Lanka
700 _aFuglesang, A.
_eed.
700 _aChandler, D.
_eed.
942 _cRP
999 _c2434
_d2434